The internet of things: (Record no. 3430)

MARC details
000 -LEADER
fixed length control field 00733nam a22002177a 4500
003 - CONTROL NUMBER IDENTIFIER
control field OSt
005 - DATE AND TIME OF LATEST TRANSACTION
control field 20220107122726.0
008 - FIXED-LENGTH DATA ELEMENTS--GENERAL INFORMATION
fixed length control field 131206b xxu||||| |||| 00| 0 eng d
020 ## - INTERNATIONAL STANDARD BOOK NUMBER
International Standard Book Number 1420052810
040 ## - CATALOGING SOURCE
Transcribing agency IIITM-K
082 ## - DEWEY DECIMAL CLASSIFICATION NUMBER
Classification number 004.62 YAN/I
245 ## - TITLE STATEMENT
Title The internet of things:
Remainder of title From RFID to the next-generation pervasive networked sysyems
Statement of responsibility, etc. edited by Lu Yan et.al
260 ## - PUBLICATION, DISTRIBUTION, ETC.
Place of publication, distribution, etc. Boca Raton,
Name of publisher, distributor, etc. Taylor & Francis,
Date of publication, distribution, etc. 2008.
300 ## - PHYSICAL DESCRIPTION
Extent xi, 318p.
440 ## - SERIES STATEMENT/ADDED ENTRY--TITLE
Title Wireless networks and mobile communications series
9 (RLIN) 2592
650 ## - SUBJECT ADDED ENTRY--TOPICAL TERM
Topical term or geographic name entry element COMMUNICATION ENGINEERING
9 (RLIN) 2593
650 ## - SUBJECT ADDED ENTRY--TOPICAL TERM
Topical term or geographic name entry element WIRELESS COMMUNICATION SYSTEMS
9 (RLIN) 2594
650 ## - SUBJECT ADDED ENTRY--TOPICAL TERM
Topical term or geographic name entry element RADIO FREQUENCY IDENTIFICATION SYSTEMS
9 (RLIN) 2595
700 ## - ADDED ENTRY--PERSONAL NAME
Personal name Yan, Lu et.al
9 (RLIN) 2596
942 ## - ADDED ENTRY ELEMENTS (KOHA)
Source of classification or shelving scheme Dewey Decimal Classification
Koha item type Books
Holdings
Withdrawn status Lost status Source of classification or shelving scheme Damaged status Not for loan Collection code Home library Current library Shelving location Date acquired Cost, normal purchase price Total Checkouts Full call number Barcode Date last seen Date last checked out Price effective from Koha item type
    Dewey Decimal Classification     TCP/ IP /Internet of Things / IOT Kerala University of Digital Sciences, Innovation and Technology Knowledge Centre Kerala University of Digital Sciences, Innovation and Technology Knowledge Centre Computer Science 06/12/2013 6136.00 3 004.62 YAN/I 3093 03/12/2020 21/01/2019 06/12/2013 Books